Giáo trình lý thuyết và bài tập Borland Delphi

Na minha lista:
Detalhes bibliográficos
Autor principal: Lê, Phương Lan
Formato: Livro
Idioma:Undetermined
Publicado em: Hà Nội Lao động Xã hội 2003
Assuntos:
Tags: Adicionar Tag
Sem tags, seja o primeiro a adicionar uma tag!
Thư viện lưu trữ: Trung tâm Học liệu Trường Đại học Cần Thơ
LEADER 00579nam a2200193Ia 4500
001 CTU_60719
008 210402s9999 xx 000 0 und d
020 |b 99000 
082 |a 005.133 
082 |b L105 
100 |a Lê, Phương Lan 
245 0 |a Giáo trình lý thuyết và bài tập Borland Delphi 
245 0 |c Lê Phương Lan 
260 |a Hà Nội 
260 |b Lao động Xã hội 
260 |c 2003 
650 |a Delphi ( computer program language ) 
904 |i Minh, Năm 
980 |a Trung tâm Học liệu Trường Đại học Cần Thơ